000 00646nam a2200241Ia 4500
003 OSt
005 20221007103546.0
006 a|||||r|||| 00| 0
007 ta
008 221006b |||||||| |||| 00| 0 eng d
024 _a13,474
037 _cTextual
040 _aLCO
_cLCO
_beng
041 _2eng
_aeng
082 _aZ73,8,11v, L4
100 _aAbraham Henry J.
245 0 _aJustices and Presidents
260 _aNew
_bYork Oxford University Press U.S.A.
_c1974
300 _a310
650 _aJustices and Presidents
_9705222
942 _hZ73,8,11v, L4
_cTEXL
999 _c1183037
_d1183037